000 00869nam a2200241Ia 4500
003 OSt
005 20220926022209.0
006 a|||||r|||| 00| 0
007 ta
008 220923b |||||||| |||| 00| 0 eng d
037 _cGeneral Book
040 _aRTL
_cRTL
_beng
041 _2eng
_aeng
082 _aX:(G):55.N91t, N1/UN
110 _aUNITED NATIONS, INTERNATIONAL ECONOMIC AND SOCIAL AFFAIRS (Departments of--)
_9326102
245 0 _aCOncepts of methods of invironment statistics of natural environment
_b A technical report.
260 _aNew York
_bUnited Nations
_c1991
300 _ax,148p.
_ccm.
500 _aStudies in methods series F, no. 57
700 _aUNITED NATIONS, INTERNATIONAL ECONOMIC AND SOCIAL AFFAIRS (Departments of--)
_9326103
942 _hX:(G):55.N91t, N1/UN
_cGB
_2CC
999 _c638819
_d638819